000 00674nam a2200241Ia 4500
003 OSt
005 20220925215801.0
006 a|||||r|||| 00| 0
007 ta
008 220923b |||||||| |||| 00| 0 eng d
037 _cGeneral Book
040 _aRTL
_cRTL
_beng
041 _2eng
_aeng
082 _aV2.L6, B9
100 _aElphinstone Mountsturat
_9283559
245 0 _aHistory of India
_b The Hindu and Mohomdan periods.
250 _a7th
260 _aLondon
_bJohn Hurray U K
_c1889
300 _axxxii,790p.
_ccm.
650 _aIndian History
942 _hV2.L6, B9
_cGB
_2CC
999 _c569726
_d569726